MARC

LEADER 00000nam0a2200000 4500
001 39451
005 20231031011404.0
010 |a 5060031456 
035 |a (RuTPU)RU\TPU\book\40317 
090 |a 39451 
100 |a 20020402d1988 m y0rusy50 ca 
101 0 |a rus 
102 |a RU 
105 |a a j 001zy 
200 1 |a Функции комплексного переменного и их применения  |e учебное пособие  |f Е. Д. Соломенцев 
210 |a Москва  |c Высшая школа  |d 1988 
215 |a 166 с.  |c ил. 
320 |a Библиогр.: с. 162. 
320 |a Предм. указ. : с. 163-165. 
610 1 |a математика 
610 1 |a функции комплексного переменного 
610 1 |a применение 
610 1 |a комплексные числа 
610 1 |a дифференцирование 
610 1 |a интегрирование 
610 1 |a ряды 
610 1 |a теория вычетов 
610 1 |a операционное исчисление 
610 1 |a конформные отображения 
610 1 |a аналитические функции 
610 1 |a векторные поля 
610 1 |a расчеты 
610 1 |a линейные системы 
610 1 |a устойчивость 
610 1 |a учебные пособия 
675 |a 517.53(075.8)  |v 3 
700 1 |a Соломенцев  |b Е. Д.  |g Евгений Дмитриевич 
801 1 |a RU  |b 63413507  |c 20020402  |g PSBO 
801 2 |a RU  |b 63413507  |c 20140606  |g PSBO 
900 |a Теория функций комплексного переменного 
942 |c BK